Fr. Conceicao Rodrigues College of Engineering

Income-Tax Ready recknoner 16-17 (Record no. 31231)

MARC details
000 -LEADER
fixed length control field 00239nam a2200121Ia 4500
100 ## - MAIN ENTRY--PERSONAL NAME
Personal name Mehta/N.V
245 ## - TITLE STATEMENT
Title Income-Tax Ready recknoner 16-17
260 ## - PUBLICATION, DISTRIBUTION, ETC.
Name of publisher, distributor, etc. #N/A
Date of publication, distribution, etc. 2017
300 ## - PHYSICAL DESCRIPTION
Extent 376
546 ## - LANGUAGE NOTE
Language note ENGLISH
942 ## - ADDED ENTRY ELEMENTS (KOHA)
Koha item type BOOK
Holdings
Withdrawn status Lost status Damaged status Not for loan Collection Home library Current library Date acquired Total Checkouts Full call number Barcode Date last seen Price effective from Koha item type
        CRC Fr. Agnel's C.Rodrigues College of Engineering Fr. Agnel's C.Rodrigues College of Engineering 17/03/2023   24158 17/03/2023   BOOK